| 000 | 00730cam a22002417a 4500 | ||
|---|---|---|---|
| 008 | |||
| 020 | _a9781118092033 (pbk.) | ||
| 049 | _aMAIN | ||
| 090 | 0 | 0 |
_aTR267 _bKIN |
| 100 | 1 |
_aKing, Julie Adair _eauthor _4aut. |
|
| 245 | 1 | 0 |
_aDigital photography for dummies / _cby Julie Adair King. |
| 250 | _a7th edition. | ||
| 260 |
_aHoboken, New Jersey : _bJohn Wiley & Sons, _cc2012. |
||
| 300 |
_axi, 320 pages : _bcolor illustrations ; _c24 cm. |
||
| 440 | 1 | _aFor dummies. | |
| 500 | _aIncludes index. | ||
| 650 | 0 |
_aPhotography _xDigital techniques. |
|
| 907 |
_a.b10397620 _b20-05-19 _c10-04-19 |
||
| 003 | |||
| 005 | 20230123141139.0 | ||
| 040 | _cNUST | ||
| 942 |
_cBOOKS _kTR267 _mKIN |
||
| 999 |
_c168492 _d168492 |
||